Guess the lyrics (#42) - Statistics

General Stats
  • This quiz has been taken 188 times
  • The average score is 47 of 128
Answer Stats
Answer % Correct
I
98%
the
93%
is
75%
me
75%
Do
74%
to
73%
on
72%
Be
71%
be
71%
go
71%
in
69%
my
68%
of
66%
so
62%
for
59%
that
58%
She
55%
have
50%
I'll
49%
too
49%
don't
47%
one
46%
got
42%
get
40%
girl
39%
I've
39%
'cause
38%
know
38%
just
36%
with
36%
man
35%
mind
34%
day
32%
out
29%
night
27%
nothing
27%
more
25%
good
24%
She's
23%
than
23%
feel
21%
bad
19%
Even
19%
old
19%
goes
18%
Gonna
18%
head
18%
looks
16%
mad
16%
fine
15%
once
14%
feels
13%
Hey,
13%
Everybody
12%
might
12%
better
10%
else
10%
Friday
10%
pretty
10%
fun
9%
lose
8%
Monday
8%
morning
8%
seems
8%
sight
8%
Tomorrow
8%
tonight
8%
Tonight
8%
glad
6%
slow
6%
Thursday
6%
Tuesday
6%
Wednesday
6%
change
5%
Coming
5%
city
4%
five
3%
nag
3%
rich
3%
spend
3%
working
3%
bread
2%
bugs
2%
grind
2%
scene
2%
No matching quizzes found
Score Distribution
Percent of People with Each Score
Percentile by Number Answered
Your Score History
You have not taken this quiz